[Event "C.O.Q. invitation"]
[Site "Montreal, CAN"]
[Date "2011.07.28"]
[Round "7"]
[White "Khassanov, Marat"]
[Black "Voskanyan, Vahagn"]
[Result "1/2-1/2"]
[WhiteElo "2286"]
[BlackElo "2261"]
[EventDate "2011.07.23"]

1.e4 c6 2.d4 d5 3.Nd2 dxe4 4.Nxe4 Nf6 5.Nxf6+ exf6 6.c3 Bd6 7.Bd3 O-O 8.
Ne2 Qc7 9.Qc2 h6 10.Be3 Nd7 11.Qd2 Re8 12.Ng3 c5 13.O-O Nf8 14.dxc5 Bxc5 
15.Bxc5 Qxc5 16.b4 Qc7 17.c4 Be6 18.Rfc1 Red8 19.Qc3 Nd7 20.c5 Ne5 21.Be4 
Bd5 22.Rd1 Bxe4 23.Nxe4 Qc6 24.f3 b6 25.Rac1 bxc5 26.Nxc5 Qb6 27.Kh1 Rxd1+
28.Rxd1 a5 29.a3 Qb5 30.h3 axb4 31.Qxb4 Qe2 32.Rd2 Qf1+ 33.Kh2 Nc4 34.Ra2 
Rd8 35.Rc2 Ne3 36.Rd2 Re8 37.Nd3 Rd8 38.Qe4 Nd1 39.Qe7 Rd4 40.Qc5 Rd8 41.
Qb6 Rd5 42.Qb8+ Kh7 43.Qb1 Ne3 44.Ne1+ g6 45.Rxd5 Nxd5 46.Qb7 Kg7 47.Qxd5 
Qxe1 48.a4 h5 49.Qe4 Qa1 50.Qb4 g5 51.a5 h4 52.Qb5 Qc1 53.Qb6 Qf4+ 54.Kh1 
Qc1+ 55.Kh2 Qf4+ 56.Kh1 Qc1+ 57.Qg1 Qa3 58.Qe1 Kg6 59.Kg1 Qc5+ 60.Kf1 Qb5+
61.Kf2 Qc5+ 62.Ke2 Qe5+ 63.Kf1 Qb5+ 64.Kg1 Qc5+ 65.Kh1 Qa3 66.Qd2 Qa1+ 67.
Kh2 Kg7 68.Qb4 Qe5+ 69.Kh1 Qa1+ 70.Kh2 Qe5+ 71.Kg1 Qa1+ 72.Kf2 Qa2+ 73.Kf1
Qa1+ 74.Ke2 Qg1 75.Qg4 Qa1 76.Qb4 Qg1 77.Qg4 Qa1 78.Qf5 Qa2+ 79.Ke3 Qxg2 
80.a6 Qg1+ 81.Ke2 Qh2+ 82.Ke3 Qg1+ 83.Ke2 1/2-1/2

[Event "C.O.Q. invitation"]
[Site "Montreal, CAN"]
[Date "2011.07.28"]
[Round "7"]
[White "Kleinman, Jake"]
[Black "Zhao, Parker"]
[Result "1/2-1/2"]
[WhiteElo "2375"]
[BlackElo "2382"]
[EventDate "2011.07.23"]

1.d4 d5 2.c4 c6 3.Nf3 Nf6 4.Nc3 e6 5.Bg5 h6 6.Bh4 dxc4 7.e4 g5 8.Bg3 b5 9.
Be2 Bb7 10.Qc2 Nbd7 11.Rd1 Qb6 12.h4 g4 13.Ne5 Bg7 14.O-O Rd8 15.Nxf7 Kxf7
16.e5 c5 17.exf6 Nxf6 18.h5 Rhf8 19.dxc5 Qc6 20.f3 Qxc5+ 21.Bf2 Qxh5 22.
fxg4 Nxg4 23.Bxg4 Qxg4 24.Bc5+ Kg8 25.Bxf8 Rxd1 26.Rxd1 Bd4+ 27.Rxd4 Qxd4+
28.Qf2 Qxf2+ 29.Kxf2 Kxf8 30.Nxb5 a6 31.Nc3 Ke7 32.g3 Kd6 33.Ke3 e5 34.Nd1
Ke6 35.Nf2 Kf5 36.Kd2 Bd5 37.a3 h5 38.Ke3 Bg2 39.Ke2 Bc6 40.Ke3 Kg5 41.Kd2
Bf3 42.Ke3 e4 43.Kd4 Kf5 44.Ke3 Ke5 45.Nh3 Ke6 46.Kd4 Kf5 47.Nf2 a5 48.Ke3
Ke5 49.Nh3 a4 50.Nf4 Bd1 51.Kd2 Bg4 52.Ng2 Kd4 1/2-1/2

[Event "C.O.Q. invitation"]
[Site "Montreal, CAN"]
[Date "2011.07.28"]
[Round "7"]
[White "Rozentalis, Eduardas"]
[Black "Cornette, Mathieu"]
[Result "1/2-1/2"]
[WhiteElo "2571"]
[BlackElo "2568"]
[EventDate "2011.07.23"]

1.e4 e5 2.Nf3 Nc6 3.Bb5 Nf6 4.O-O Nxe4 5.d4 Nd6 6.Bxc6 dxc6 7.dxe5 Nf5 8.
Qxd8+ Kxd8 9.Nc3 Ke8 10.h3 b6 11.Bf4 Bb4 12.Ne4 Ba6 13.Rfc1 Rd8 14.c3 Be7 
15.Re1 Bc8 16.e6 Bxe6 17.Bxc7 Rc8 18.Bf4 Kf8 19.Rad1 h6 20.b3 Kg8 21.c4 
Kh7 22.Nd6 Bxd6 23.Bxd6 Rhd8 24.Be5 c5 25.Bc3 Ne7 26.Ne5 Ng6 1/2-1/2

[Event "C.O.Q. invitation"]
[Site "Montreal, CAN"]
[Date "2011.07.28"]
[Round "7"]
[White "Roy, Myriam"]
[Black "Bolduc, Steve"]
[Result "0-1"]
[WhiteElo "1935"]
[BlackElo "2230"]
[EventDate "2011.07.23"]

1.e4 d6 2.d4 Nf6 3.Nc3 g6 4.Nf3 Bg7 5.Be3 O-O 6.h3 a6 7.Bd3 b5 8.O-O Bb7 
9.a3 Nc6 10.Qd2 e5 11.d5 Ne7 12.Bh6 c6 13.dxc6 Bxc6 14.Bxg7 Kxg7 15.Rfe1 
Qb6 16.Rad1 Rfd8 17.Qe3 Nd7 18.Bf1 Qxe3 19.Rxe3 Nb6 20.Red3 Nc4 21.Rb1 f6 
22.Nd2 Nb6 23.Nb3 a5 24.Rbd1 Nc4 25.Rb1 b4 26.axb4 axb4 27.Nd5 Nxd5 28.
exd5 Ba4 29.Rdd1 Nb6 30.Rd2 Rdc8 31.Be2 f5 32.g4 Kf6 33.Kg2 Bxb3 34.cxb3 
Ra5 35.Rbd1 Rcc5 36.Bc4 Nxc4 37.bxc4 Rxc4 38.f3 h5 39.gxh5 gxh5 40.Re2 Kg5
41.Kg3 h4+ 42.Kf2 Kf4 43.Red2 Rac5 0-1

[Event "C.O.Q. invitation"]
[Site "Montreal, CAN"]
[Date "2011.07.28"]
[Round "7"]
[White "Voloaca, Mihnoa"]
[Black "Tessier-Desrosiers, Olivier"]
[Result "1-0"]
[WhiteElo "2234"]
[BlackElo "2086"]
[EventDate "2011.07.23"]

1.d4 Nf6 2.c4 c5 3.d5 b5 4.cxb5 a6 5.bxa6 Bxa6 6.Nc3 d6 7.g3 g6 8.Bg2 Bg7 
9.Nf3 Nbd7 10.O-O Ng4 11.Bd2 O-O 12.Rb1 Ra7 13.Qc2 Qa8 14.h3 Nge5 15.Nxe5 
Nxe5 16.b3 Rb8 17.Rfe1 Rab7 18.Nd1 Nc4 19.Bc1 Rb4 20.Ne3 Nxe3 21.Bxe3 c4 
22.Bd2 c3 23.Bg5 Qb7 24.e4 h6 25.Be3 Kh7 26.Kh2 Bc4 27.Rbc1 Ba6 28.h4 h5 
29.Bf4 Qc7 30.Re3 Bc8 31.e5 dxe5 32.Rxc3 Qxc3 33.Qxc3 exf4 34.Qc7 fxg3+ 
35.fxg3 R4b7 36.Qf4 Bf5 37.Rc7 Rb4 38.Rc4 R4b6 39.Be4 Bxe4 40.Qxe4 1-0

[Event "C.O.Q. invitation"]
[Site "Montreal, CAN"]
[Date "2011.07.28"]
[Round "7"]
[White "Barbeau, Sylvain"]
[Black "Calugar, Arthur"]
[Result "1/2-1/2"]
[WhiteElo "2333"]
[BlackElo "2247"]
[EventDate "2011.07.23"]

1.c4 Nf6 2.Nf3 g6 3.Nc3 d5 4.cxd5 Nxd5 5.Qa4+ Bd7 6.Qh4 Nxc3 7.dxc3 Nc6 8.
Bf4 Bg7 9.Bh6 Bf6 10.Ng5 e5 11.e4 Qe7 12.Qg3 O-O-O 13.Bc4 Bxg5 14.Bxg5 f6 
15.Be3 Na5 16.Be2 Kb8 17.O-O Be6 18.b3 a6 19.f3 Nc6 20.Rfb1 Qf7 21.Qf2 f5 
22.Bg5 Rd6 23.Rd1 Rxd1+ 24.Rxd1 h6 25.Bc1 Qe7 26.Be3 f4 27.Bc5 Qf6 28.Bf1 
Rd8 29.Rxd8+ Qxd8 30.Qc2 g5 31.Be2 h5 32.h3 Qd7 33.Qd1 Qf7 34.Kf1 Kc8 35.
Ke1 Ne7 36.Kd2 Ng8 37.Kc2 Nf6 38.Qe1 Qg6 39.Bf2 g4 40.hxg4 hxg4 41.Qh1 g3 
42.Bc5 Qh7 43.Qxh7 Nxh7 44.Be7 Kd7 45.Bh4 Kd6 46.Kb2 Nf8 47.Bf1 Nd7 48.Bg5
Nc5 49.Bh6 Nd7 50.Bg5 a5 51.Ka3 b6 52.Bh6 Kc6 53.Bg5 b5 54.Be7 Nc5 55.Bf8 
Kb6 56.Be7 a4 57.Bxc5+ Kxc5 58.b4+ Kb6 59.Kb2 c6 60.a3 c5 61.Kc2 Bb3+ 62.
Kd2 Kc6 1/2-1/2

[Event "C.O.Q. invitation"]
[Site "Montreal, CAN"]
[Date "2011.07.28"]
[Round "7"]
[White "Kleinman, Michael"]
[Black "Gerzhoy, Leonid"]
[Result "1/2-1/2"]
[WhiteElo "2221"]
[BlackElo "2483"]
[EventDate "2011.07.23"]

1.e4 c6 2.d4 d5 3.exd5 cxd5 4.c4 Nf6 5.Nc3 e6 6.Nf3 Be7 7.cxd5 Nxd5 8.Bd3 
Nc6 9.O-O O-O 10.Re1 Nf6 11.a3 b6 12.Bc2 Ba6 13.Bf4 Rc8 14.Qd2 Na5 15.Rad1
Bc4 16.Ne5 Nd5 17.Nxd5 Bxd5 18.Re3 f5 19.Bd3 Bb3 20.Rde1 Qxd4 21.Rg3 Bf6 
22.h4 Rfd8 23.h5 Nc4 24.Bxc4 Bxc4 25.Nxc4 Rxc4 26.Qxd4 Rcxd4 27.Be5 Rd1 
28.Re3 Bxe5 29.Rxe5 Rxe1+ 30.Rxe1 Kf7 31.Rc1 Kf6 32.Rc7 a5 33.Rb7 Rd1+ 34.
Kh2 Rd2 35.Rxb6 Rxf2 36.Rb7 f4 37.Kg1 Rc2 38.b4 axb4 39.axb4 Rb2 40.b5 e5 
41.h6 gxh6 42.b6 Kf5 43.Rf7+ Ke4 44.b7 Ke3 45.Kh2 e4 46.Kh3 h5 47.Kh4 Rb1 
48.Rxh7 Kd3 49.Rd7+ Ke2 50.Rf7 e3 51.Rxf4 Rxb7 52.Kxh5 Kd3 53.Rf1 Rb2 54.
g4 e2 55.Re1 Rd2 56.g5 Rd1 57.Rxe2 Kxe2 58.g6 1/2-1/2

[Event "C.O.Q. invitation"]
[Site "Montreal, CAN"]
[Date "2011.07.28"]
[Round "7"]
[White "Drolet, Stephane"]
[Black "Leveille, Francois"]
[Result "0-1"]
[WhiteElo "2025"]
[BlackElo "2290"]
[EventDate "2011.07.23"]

1.Nf3 d6 2.d4 g6 3.c3 Bg7 4.e4 Nd7 5.Bc4 e6 6.Bg5 Ne7 7.h4 h6 8.Bf4 b6 9.
Qe2 a6 10.a4 Bb7 11.Nbd2 e5 12.dxe5 dxe5 13.Bg3 Nc8 14.h5 g5 15.Bd5 Bxd5 
16.exd5 O-O 17.Nb3 a5 18.O-O-O Nd6 19.c4 Re8 20.Qc2 f5 21.Kb1 Qf6 22.Nfd2 
f4 23.Bh2 e4 24.Rhe1 Nc5 25.Nxc5 bxc5 26.Ka2 Rab8 27.b3 Re7 28.Rb1 Rbe8 
29.g4 Qc3 30.Rec1 Qh3 31.Rh1 Qg2 32.Bxf4 gxf4 33.Rbg1 Qxf2 34.g5 e3 35.
gxh6 Qxd2 36.Qxd2 exd2 37.hxg7 Rxg7 38.h6 Rxg1 39.Rxg1+ Kh7 0-1

[Event "C.O.Q. invitation"]
[Site "Montreal, CAN"]
[Date "2011.07.28"]
[Round "7"]
[White "Sambuev, Bator"]
[Black "Martchenko, Alexander"]
[Result "1-0"]
[WhiteElo "2528"]
[BlackElo "2227"]
[EventDate "2011.07.23"]

1.d4 d5 2.c4 e6 3.Nf3 Nf6 4.Nc3 Be7 5.Bg5 O-O 6.e3 h6 7.Bh4 Ne4 8.Bxe7 
Qxe7 9.Rc1 c6 10.h4 Nd7 11.g4 f5 12.gxf5 exf5 13.cxd5 Nxc3 14.Rxc3 cxd5 
15.Qb3 Qe4 16.Be2 Nf6 17.Rg1 f4 18.Rc7 Ne8 19.Nd2 Qh7 20.Qxd5+ Kh8 21.Re7 
Bf5 22.e4 Bg6 23.h5 Nf6 24.Qxb7 Rab8 25.hxg6 Rxb7 26.Rxb7 Qg8 27.Bc4 Rf7 
28.gxf7 Qc8 29.e5 Kh7 30.Re7 1-0

[Event "C.O.Q. invitation"]
[Site "Montreal, CAN"]
[Date "2011.07.28"]
[Round "7"]
[White "Caire, Francois"]
[Black "Berube, Antoine"]
[Result "0-1"]
[WhiteElo "2150"]
[BlackElo "2142"]
[EventDate "2011.07.23"]

1.d4 d5 2.Nf3 Nf6 3.c4 c6 4.Nc3 e6 5.Qd3 dxc4 6.Qxc4 b5 7.Qd3 a6 8.e4 Nbd7
9.Bg5 h6 10.Bh4 b4 11.Na4 Qa5 12.b3 Bb7 13.Nd2 Qh5 14.Bg3 c5 15.dxc5 Nxc5 
16.Nxc5 Qxc5 17.f3 Rd8 18.Bf2 Qe5 19.Qb1 Qc3 20.Qc1 Rxd2 0-1

[Event "C.O.Q. invitation"]
[Site "Montreal, CAN"]
[Date "2011.07.29"]
[Round "8"]
[White "Roy, Myriam"]
[Black "Voskanyan, Vahagn"]
[Result "0-1"]
[WhiteElo "1935"]
[BlackElo "2261"]
[EventDate "2011.07.23"]

1.e4 c6 2.d4 d5 3.exd5 cxd5 4.c4 Nf6 5.Nc3 g6 6.Bg5 Ne4 7.Bf4 Nxc3 8.bxc3 
Bg7 9.Nf3 Nc6 10.c5 Qa5 11.Qd2 O-O 12.Be2 Re8 13.O-O e5 14.Be3 exd4 15.
Nxd4 Nxd4 16.Bxd4 Bxd4 17.Qxd4 Rxe2 18.Qxd5 Re7 19.Qg5 Qc7 20.Rad1 Bf5 21.
Rd5 Be4 22.Rd6 Rae8 23.h4 Re5 24.Qf4 Qxc5 25.Rfd1 Bc6 26.Rf6 Re1+ 27.Rxe1 
Rxe1+ 28.Kh2 Qe5 29.Rxf7 Qxf4+ 30.Rxf4 Re4 0-1

[Event "C.O.Q. invitation"]
[Site "Montreal, CAN"]
[Date "2011.07.29"]
[Round "8"]
[White "Leveille, Francois"]
[Black "Voloaca, Mihnoa"]
[Result "1-0"]
[WhiteElo "2290"]
[BlackElo "2234"]
[EventDate "2011.07.23"]

1.e4 e6 2.d4 d5 3.Nc3 dxe4 4.Nxe4 Nd7 5.Nf3 Ngf6 6.Nxf6+ Nxf6 7.Bg5 Be7 8.
Bd3 h6 9.Bh4 c5 10.Qe2 Qa5+ 11.Kf1 cxd4 12.Rg1 a6 13.g4 Bd7 14.Nxd4 Nd5 
15.Bg3 Rc8 16.a3 Qb6 17.c3 Bd6 18.Re1 Nf4 19.Bxf4 Bxf4 20.h4 Kf8 21.Qe4 
Bd6 22.Qf3 Kg8 23.Re2 Rf8 24.b4 g6 25.Bc4 Bh2 26.Rg2 Bb8 27.Qd3 Kg7 28.h5 
g5 29.Nxe6+ 1-0

[Event "C.O.Q. invitation"]
[Site "Montreal, CAN"]
[Date "2011.07.29"]
[Round "8"]
[White "Leroux, Jean-Pierre"]
[Black "Rozentalis, Eduardas"]
[Result "0-1"]
[WhiteElo "2517"]
[BlackElo "2571"]
[EventDate "2011.07.23"]

1.e4 e6 2.d4 d5 3.Nd2 c5 4.exd5 exd5 5.Ngf3 c4 6.b3 cxb3 7.axb3 Nf6 8.Bb5+
Bd7 9.Bxd7+ Qxd7 10.O-O Be7 11.Re1 O-O 12.Ne5 Qc7 13.c4 Bb4 14.Re3 Nc6 15.
Ndf3 a5 16.Bb2 Ne7 17.Rc1 Ra6 18.g3 b6 19.Nd3 Qb7 20.Nfe5 Rd8 21.Nxb4 axb4
22.Qf3 Nc6 23.Rce1 h6 24.Nd3 Qc7 25.c5 Raa8 26.Qd1 Ne4 27.Nf4 Nf6 28.Nd3 
Qb7 29.cxb6 Qxb6 30.Nc5 Qb5 31.Qb1 Nb8 32.Re7 Nbd7 33.Ne6 Rdc8 34.Nf4 Qc6 
35.Qf5 Rd8 36.h4 Nf8 37.Rc1 Qd6 38.Rec7 Ra6 39.Rb7 Rc6 40.Ra1 Rc7 41.Rb5 
Ne6 42.Nd3 Rc2 43.Rb7 Rd2 44.Raa7 Rf8 45.Ba1 Nd8 46.Rb5 Qc6 47.Rc5 Qe6 48.
Qxe6 Nxe6 49.Nxb4 Nxc5 50.dxc5 Rb8 51.c6 Ne8 52.Bc3 Rd1+ 53.Kg2 d4 54.Rd7 
f5 55.c7 Nxc7 56.Nc6 Rb6 57.Ne7+ Kf8 58.Nxf5 dxc3 59.Rxd1 Rxb3 60.Ne3 Ke7 
61.Kf3 Ke6 62.Ke4 Nb5 63.f4 Rb4+ 64.Kd3 Rd4+ 65.Kc2 Rxd1 66.Nxd1 Kf5 67.
Nf2 h5 68.Kd3 g6 69.Ke3 c2 70.Nd3 Kg4 71.Kf2 Nd4 72.Kg2 Nb3 0-1

[Event "C.O.Q. invitation"]
[Site "Montreal, CAN"]
[Date "2011.07.29"]
[Round "8"]
[White "Gerzhoy, Leonid"]
[Black "Kleinman, Jake"]
[Result "1/2-1/2"]
[WhiteElo "2483"]
[BlackElo "2375"]
[EventDate "2011.07.23"]

1.Nf3 Nf6 2.c4 e6 3.g3 d5 4.d4 dxc4 5.Bg2 Bb4+ 6.Nc3 Nc6 7.O-O Rb8 8.Bg5 
O-O 9.e3 Be7 10.Qe2 b5 11.Rfd1 Nd5 12.Bxe7 Nxc3 13.bxc3 Qxe7 14.a4 a6 15.
Nd2 Nd8 16.Rdb1 Rb6 17.a5 Rd6 18.Ne4 Rd5 19.Nc5 Rd6 20.Ne4 Rd5 21.Nc5 Rd6 
22.Ne4 Rd5 23.Nc5 Rd6 1/2-1/2

[Event "C.O.Q. invitation"]
[Site "Montreal, CAN"]
[Date "2011.07.29"]
[Round "8"]
[White "Cornette, Mathieu"]
[Black "Arencibia, Walter"]
[Result "0-1"]
[WhiteElo "2568"]
[BlackElo "2476"]
[EventDate "2011.07.23"]

1.e4 e5 2.Nf3 Nc6 3.Bc4 Nf6 4.d3 h6 5.O-O d6 6.a3 g6 7.b4 Bg7 8.Bb2 O-O 9.
Nbd2 a6 10.Re1 Nh5 11.Bd5 Bd7 12.Nb3 Nf4 13.d4 Nxd4 14.Nbxd4 exd4 15.Bxd4 
c6 16.Bxg7 Kxg7 17.Bc4 Bg4 18.h3 Bxf3 19.Qxf3 Qf6 20.Rad1 Rfe8 21.Kh2 Rad8
22.Re3 Nh5 23.Qxf6+ Nxf6 24.f3 d5 25.Red3 Rc8 26.exd5 Nxd5 27.Bb3 Ne3 28.
Rg1 Re7 29.g4 c5 30.bxc5 Rxc5 31.Rd2 Rec7 32.Kg3 Nxc2 33.Rc1 Nxa3 34.Rxc5 
Rxc5 35.Rd7 Nc4 36.Rxb7 Rb5 37.Rc7 Rxb3 38.Rxc4 Rb8 39.h4 a5 40.g5 Ra8 41.
Ra4 f6 42.gxf6+ Kxf6 43.Kg4 h5+ 44.Kf4 Ra6 45.Ke4 Ke6 46.Kf4 Kf6 47.Ke4 
Ra7 48.Kf4 Ra8 49.Kg3 Kf5 50.f4 Ke6 51.Kf3 Kd6 52.f5 Rf8 53.Rxa5 Rxf5+ 54.
Rxf5 gxf5 55.Kf4 Ke6 56.Kg5 Ke5 57.Kxh5 Kf6 58.Kh6 f4 59.Kh7 f3 0-1

[Event "C.O.Q. invitation"]
[Site "Montreal, CAN"]
[Date "2011.07.29"]
[Round "8"]
[White "Berube, Antoine"]
[Black "Barbeau, Sylvain"]
[Result "1-0"]
[WhiteElo "2142"]
[BlackElo "2333"]
[EventDate "2011.07.23"]

1.d4 f5 2.g3 Nf6 3.Bg2 g6 4.Nf3 Bg7 5.O-O O-O 6.c4 d6 7.Nc3 Nc6 8.d5 Ne5 
9.Nxe5 dxe5 10.b3 h6 11.Bb2 g5 12.f4 gxf4 13.gxf4 Ng4 14.Qd2 exf4 15.Nd1 
e5 16.h3 Ne3 17.Nxe3 fxe3 18.Qxe3 f4 19.Qf2 Rf5 20.Kh2 Qe7 21.Rad1 Bf6 22.
Rg1 Kh8 23.Qf3 Bh4 24.e3 Bg3+ 25.Kh1 Bd7 26.exf4 Bxf4 27.Rde1 Raf8 28.Rgf1
Kg8 29.d6 cxd6 30.Qxb7 Rh5 31.Bc1 Qg7 32.Bxf4 exf4 33.Rf3 Kh8 34.Ref1 Rg8 
35.R1f2 Re5 36.Rxf4 Re1+ 37.Rf1 Re7 38.Qf3 Bc8 39.Qf2 Qg5 40.Rf8 Bb7 41.
Bxb7 Rxb7 42.Rxg8+ Qxg8 43.Qf6+ Qg7 44.Qxd6 Re7 45.Qf6 Re2 46.Qd8+ 1-0

[Event "C.O.Q. invitation"]
[Site "Montreal, CAN"]
[Date "2011.07.29"]
[Round "8"]
[White "Zhao, Parker"]
[Black "Jiang, Louis"]
[Result "1-0"]
[WhiteElo "2382"]
[BlackElo "2375"]
[EventDate "2011.07.23"]

1.e4 c5 2.g3 Nc6 3.Bg2 g6 4.Ne2 Bg7 5.c3 e5 6.d3 d6 7.O-O Nge7 8.a3 O-O 9.
b4 Qc7 10.Be3 b6 11.b5 Nd8 12.a4 Bd7 13.Nd2 a6 14.Qb3 Be6 15.c4 a5 16.Nc3 
Ra7 17.Rae1 f6 18.Nd5 Qb8 19.f4 Bxd5 20.cxd5 Nf7 21.Bh3 Bh6 22.Nc4 Kg7 23.
Qc3 Ng8 24.Rf2 Kh8 25.Ref1 Bg7 26.Qc2 Qd8 27.Be6 Qb8 28.f5 Bh6 29.Bxf7 
Raxf7 30.Qd2 Bxe3 31.Nxe3 g5 32.Qe2 Rg7 33.Rg2 Ne7 34.Kf2 Rff7 35.Rh1 h6 
36.h4 Rh7 37.Rgh2 Qg8 38.Qh5 gxh4 39.Rxh4 Qf8 40.Nc4 Qd8 41.Ne3 Ng8 42.Ng4
Qe7 43.Nxh6 Nxh6 44.Qxh6 Rxh6 45.Rxh6+ Rh7 46.Rxh7+ Qxh7 47.Rxh7+ Kxh7 48.
Kf3 Kh6 49.Kg4 Kh7 50.Kh5 Kg7 51.g4 Kh7 52.g5 fxg5 53.Kxg5 Kg7 54.f6+ Kf8 
55.f7 1-0

[Event "C.O.Q. invitation"]
[Site "Montreal, CAN"]
[Date "2011.07.30"]
[Round "9"]
[White "Barbeau, Sylvain"]
[Black "Roy, Myriam"]
[Result "1-0"]
[WhiteElo "2333"]
[BlackElo "1935"]
[EventDate "2011.07.23"]

1.d4 d5 2.c4 c6 3.cxd5 cxd5 4.Nf3 Nf6 5.Nc3 Nc6 6.Bf4 Bf5 7.e3 e6 8.Qa4 
Nd7 9.Bb5 Qb6 10.O-O Be7 11.Rfc1 O-O 12.Nd1 Rfc8 13.Rc3 Nf6 14.Bxc6 bxc6 
15.Ne5 c5 16.Rb3 Qd8 17.Rb7 Kf8 18.Nc3 Ne4 19.Nxe4 Bxe4 20.dxc5 f6 21.Nc6 
Qe8 22.Rxe7 Qxc6 23.Qxc6 Rxc6 24.Bd6 Kg8 25.b4 a6 26.a4 e5 27.Re1 Bd3 28.
Rb7 Rcc8 29.b5 axb5 30.axb5 Ra2 31.b6 Rb2 32.Ra7 1-0

[Event "C.O.Q. invitation"]
[Site "Montreal, CAN"]
[Date "2011.07.30"]
[Round "9"]
[White "Sambuev, Bator"]
[Black "Cornette, Mathieu"]
[Result "1-0"]
[WhiteElo "2528"]
[BlackElo "2568"]
[EventDate "2011.07.23"]

1.Nf3 Nf6 2.c4 e6 3.Nc3 d5 4.d4 Bb4 5.e3 O-O 6.Bd3 c5 7.O-O Nc6 8.cxd5 
exd5 9.Ne5 Qe7 10.Nxc6 bxc6 11.Bd2 Bg4 12.f3 Bh5 13.Re1 Rab8 14.a3 Ba5 15.
b4 cxb4 16.Na2 Bc7 17.Bxb4 Bd6 18.Bxd6 Qxd6 19.Nb4 Rbc8 20.Bf5 Rc7 21.Qa4 
Bg6 22.Bh3 Nd7 23.Bxd7 Qxd7 24.Rac1 f5 25.Qa5 Rcc8 26.f4 Be8 27.Nd3 Rb8 
28.Rb1 Qd6 29.Qxa7 Bh5 30.Qc5 1-0

[Event "C.O.Q. invitation"]
[Site "Montreal, CAN"]
[Date "2011.07.30"]
[Round "9"]
[White "Arencibia, Walter"]
[Black "Cheng, Bindi"]
[Result "1/2-1/2"]
[WhiteElo "2476"]
[BlackElo "2385"]
[EventDate "2011.07.23"]

1.d4 Nf6 2.Nf3 d5 3.c4 c6 4.e3 a6 5.Bd3 dxc4 6.Bxc4 e6 7.O-O c5 8.dxc5 
Bxc5 9.Qxd8+ Kxd8 10.Ne5 Ke7 11.Be2 Nbd7 12.Nd3 Bd6 13.Nd2 Nc5 14.Nxc5 
Bxc5 15.Nb3 Bd6 16.Bd2 Ne4 17.Ba5 Bd7 18.Rfd1 Rac8 19.Bf3 f5 20.Nd2 Bc6 
21.Nc4 Bc5 22.Rac1 Bd5 23.Nb6 Bxb6 24.Bxb6 Bxa2 25.Bxe4 fxe4 26.Rc5 Bd5 
27.Rdc1 Rc6 28.Rxc6 Bxc6 29.Bd4 Kf7 30.h4 Rd8 31.Rc5 h6 32.Kh2 Rd5 33.Rxd5
Bxd5 34.Kg3 g5 35.hxg5 hxg5 1/2-1/2

[Event "C.O.Q. invitation"]
[Site "Montreal, CAN"]
[Date "2011.07.30"]
[Round "9"]
[White "Jiang, Louis"]
[Black "Drolet, Stephane"]
[Result "1-0"]
[WhiteElo "2375"]
[BlackElo "2025"]
[EventDate "2011.07.23"]

1.e4 e6 2.d4 d5 3.Bd3 Nc6 4.c3 e5 5.Ne2 exd4 6.cxd4 Nb4 7.Nbc3 Nxd3+ 8.
Qxd3 Ne7 9.O-O c6 10.Re1 dxe4 11.Nxe4 Bf5 12.N2g3 Bxe4 13.Nxe4 Qd5 14.Qa3 
O-O-O 15.Qxa7 Ng6 16.Bd2 Bd6 17.Qa8+ Bb8 18.Nc5 Rd7 19.Nxd7 Qxd7 20.Qa3 h5
21.Rad1 h4 22.d5 Qc7 23.Qh3+ 1-0

[Event "C.O.Q. invitation"]
[Site "Montreal, CAN"]
[Date "2011.07.30"]
[Round "9"]
[White "Voskanyan, Vahagn"]
[Black "Calugar, Arthur"]
[Result "1/2-1/2"]
[WhiteElo "2261"]
[BlackElo "2247"]
[EventDate "2011.07.23"]

1.Nf3 Nf6 2.c4 g6 3.g3 Bg7 4.d4 d5 5.cxd5 O-O 6.Bg2 Nxd5 7.O-O Nc6 8.Nbd2 
Bxd4 9.Nxd4 Nxd4 10.Nb3 Nxb3 11.Qxb3 c6 12.Bh6 Re8 13.Rfd1 Qb6 14.Bxd5 
cxd5 15.Qxb6 axb6 16.Rxd5 Be6 17.Rb5 Bxa2 18.Rxb6 Bd5 19.Rxa8 Rxa8 20.f3 
f6 21.Bd2 Kf7 22.Kf2 Ra1 23.Rb5 Bc6 24.Ra5 Rh1 25.Kg2 Rd1 26.Bc3 Rc1 
1/2-1/2

[Event "C.O.Q. invitation"]
[Site "Montreal, CAN"]
[Date "2011.07.30"]
[Round "9"]
[White "Macak, Stefan"]
[Black "Leveille, Francois"]
[Result "1-0"]
[WhiteElo "2391"]
[BlackElo "2290"]
[EventDate "2011.07.23"]

1.d4 f5 2.Nf3 Nf6 3.g3 g6 4.Bg2 Bg7 5.O-O O-O 6.b3 d6 7.Bb2 Qe8 8.d5 Na6 
9.c4 Bd7 10.Nc3 c6 11.Re1 Ne4 12.Rc1 Qf7 13.Nd2 cxd5 14.cxd5 Nb4 15.Ndxe4 
fxe4 16.Rf1 Nxa2 17.Nxa2 Bxb2 18.Rc7 Bf5 19.Rxb7 Rfb8 20.Rxb8+ Rxb8 21.e3 
g5 22.Qc2 Bf6 23.Bxe4 Bxe4 24.Qxe4 Rxb3 25.Nb4 Rb2 26.Rc1 a5 27.Nc6 Rd2 
28.Rb1 a4 29.Qxa4 Qxd5 30.Qb3 Qxb3 31.Rxb3 Kf7 32.g4 Ke6 33.Nb4 Ke5 34.Kg2
Ke4 35.Kg3 Be5+ 36.Kg2 d5 37.Nc6 Bd6 38.Nd4 Rxd4 39.exd4 Kxd4 40.Rh3 Ke4 
41.Rxh7 d4 42.Rh3 d3 43.Kf1 Bf4 44.Ke1 e6 45.Kd1 e5 46.Ke1 Kd4 47.Rh8 Ke4 
48.h4 gxh4 49.Rxh4 Kf3 50.Rh3+ Kxg4 51.Rxd3 e4 52.Rb3 Bd6 53.Ke2 Bc5 54.
Rb5 Ba7 55.Ra5 Bb6 56.Ra6 Bd8 57.Ke3 Kf5 58.Rc6 Bg5+ 59.Kd4 Bh4 60.Ke3 
Bg5+ 61.Ke2 Bf6 62.Rc8 Kf4 63.Rc7 Bd4 64.Rc4 Ke5 65.Ra4 Kd5 66.Ra5+ Kd6 
67.Kf1 Ke6 68.Kg2 Be5 69.Rb5 Kf5 70.Rc5 Ke6 71.Rc8 Bd4 72.Kg3 Kf5 73.Rf8+ 
Kg5 74.Kg2 Kg4 75.Kf1 Ba7 76.Ke2 Bc5 77.Rf6 Bd4 78.Rf7 Kg5 79.Rd7 Bb6 80.
Rb7 1-0

[Event "C.O.Q. invitation"]
[Site "Montreal, CAN"]
[Date "2011.07.30"]
[Round "9"]
[White "Zhao, Parker"]
[Black "Leroux, Jean-Pierre"]
[Result "0-1"]
[WhiteElo "2382"]
[BlackElo "2517"]
[EventDate "2011.07.23"]

1.e4 e5 2.Nf3 Nc6 3.Bb5 Nge7 4.c3 a6 5.Ba4 g6 6.d4 exd4 7.cxd4 b5 8.Bb3 
Bg7 9.Nc3 Na5 10.Bc2 d6 11.h3 O-O 12.O-O c5 13.Bf4 cxd4 14.Nxd4 Bb7 15.
Nce2 Re8 16.Bg3 Nec6 17.Re1 Nxd4 18.Nxd4 Rc8 19.Re2 Nc4 20.Rb1 Qb6 21.Nf3 
Nxb2 22.Qxd6 Qxd6 23.Bxd6 Nc4 24.Rd1 Rcd8 25.Bc5 Rxd1+ 26.Bxd1 Rxe4 27.Kf1
h6 28.Rxe4 Bxe4 29.Ke2 Nb2 30.Bb3 Nd3 31.Be3 Nb4 32.Bc5 Nd5 33.g3 a5 34.
Nd2 Nc3+ 35.Ke3 Bg2 36.a3 Bxh3 37.Bd4 Be6 38.Bxg7 Kxg7 39.Kd4 Bxb3 40.Kxc3
Be6 41.Kd4 b4 42.axb4 axb4 43.Kc5 b3 44.Kb4 g5 0-1

[Event "C.O.Q. invitation"]
[Site "Montreal, CAN"]
[Date "2011.07.30"]
[Round "9"]
[White "Kleinman, Michael"]
[Black "Martchenko, Alexander"]
[Result "1/2-1/2"]
[WhiteElo "2375"]
[BlackElo "2227"]
[EventDate "2011.07.23"]

1.e4 e5 2.Nf3 Nc6 3.Bc4 Bc5 4.c3 Nf6 5.d3 O-O 6.Nbd2 d5 7.exd5 Nxd5 8.Ne4 
Be7 9.O-O h6 10.Re1 Be6 11.b4 a6 12.a4 Qd7 13.Bd2 f6 14.a5 Rfd8 15.Qb3 Qe8
16.d4 f5 17.Nc5 Bxc5 18.Nxe5 Bf8 19.Nd3 g5 20.h4 f4 21.hxg5 hxg5 22.Ne5 
Bg7 23.Nd3 b6 24.axb6 cxb6 25.b5 axb5 26.Rxa8 bxc4 27.Rxd8 Qxd8 28.Qxc4 
Qd7 29.Qa4 f3 30.c4 fxg2 31.cxd5 Bxd5 32.Qb5 Bf3 33.Bf4 gxf4 34.Nxf4 Qg4 
35.Qb3+ Kh7 36.Qd3+ Kg8 37.Qb3+ Kh7 38.Qd3+ Kg8 39.Qb3+ 1/2-1/2

[Event "C.O.Q. invitation"]
[Site "Montreal, CAN"]
[Date "2011.07.30"]
[Round "9"]
[White "Bolduc, Steve"]
[Black "Meszaros, Michal"]
[Result "1/2-1/2"]
[WhiteElo "2230"]
[BlackElo "2418"]
[EventDate "2011.07.23"]

1.d4 Nf6 2.c4 g6 3.g3 Bg7 4.Bg2 c6 5.Nf3 O-O 6.O-O d5 7.Nbd2 Bf5 8.b3 a5 
9.Bb2 a4 10.Nh4 Be6 11.Qc2 Qa5 12.Bc3 Qa6 13.c5 Nbd7 14.e3 b6 15.b4 Ne8 
16.f4 Bg4 17.Rf2 Be2 18.Bh3 Bd3 19.Qd1 e6 20.Nhf3 Nef6 21.Ne5 Nxe5 22.dxe5
Ne4 23.Nxe4 Bxe4 24.Bf1 Qb7 25.Bd4 bxc5 26.Bxc5 Rfe8 27.a3 h5 1/2-1/2